Länder, die mit T beginnen - Karten-Quiz - Statistiken

Allgemein
  • Dieses Quiz wurde 380 mal gespielt
  • Das Durchschnittsergebnis liegt bei 12 aus 13
Antworten auf der Karte
Die Antworten werden auf der Karte rot bzw. grün angezeigt, abhängig davon wie oft sie richtig erraten wurden.
 
Antwortstatistiken
Land % Korrekt
Türkei
99%
Tschechien
98%
Thailand
96%
Tunesien
96%
Turkmenistan
94%
Tansania
93%
Togo
92%
Tadschikistan
89%
Tschad
89%
Taiwan
88%
Trinidad und Tobago
86%
Tuvalu
82%
Tonga
78%
Keine übereinstimmenden Quizze gefunden
Verteilung der Resultate
Anzahl Personen mit jedem Resultat
Perzentil nach korrekt beantworteten Fragen
Ihre Resultats-Entwicklung
Sie haben dieses Quiz noch nicht gespielt